Central Library OPAC University of Rajshahi

Linkage between GOs and NGOs in rural credit : (Record no. 56315)

MARC details
000 -LEADER
fixed length control field 00905nam a2200265 a 4500
001 - CONTROL NUMBER
control field 56315
003 - CONTROL NUMBER IDENTIFIER
rucl marc code BD-RjUL
005 - DATE AND TIME OF LATEST TRANSACTION
control field 20211209080400.0
008 - FIXED-LENGTH DATA ELEMENTS--GENERAL INFORMATION
fixed length control field 161128s2000 bg b 000 0 eng
020 ## - INTERNATIONAL STANDARD BOOK NUMBER
International Standard Book Number 984559123X
035 ## - SYSTEM CONTROL NUMBER
System control number (BD-RjUL)56439
040 ## - CATALOGING SOURCE
Original cataloging agency DLC
Transcribing agency DLC
Modifying agency BD-RjUL
Language of cataloging eng
041 ## - LANGUAGE CODE
Language code of text/sound track or separate title eng
082 00 - DEWEY DECIMAL CLASSIFICATION NUMBER
Classification number 332.71095492
Edition number 23
Author mark and year ROL 2000
100 1# - MAIN ENTRY--PERSONAL NAME
Personal name Roy, Mihir Kumar.
9 (RLIN) 167571
245 10 - TITLE STATEMENT
Title Linkage between GOs and NGOs in rural credit :
Remainder of title a study of some credit programmes in Bangladesh /
Statement of responsibility, etc. Mihir Kumar Roy, Nuruzzaman, Jahangir Alam.
260 ## - PUBLICATION, DISTRIBUTION, ETC. (IMPRINT)
Place of publication, distribution, etc. Dhaka :
Name of publisher, distributor, etc. [distributed by] Rubi Enterprise,
Date of publication, distribution, etc. 2000.
300 ## - PHYSICAL DESCRIPTION
Pagination x, 181 p. ;
Size 23 cm.
650 #0 - SUBJECT ADDED ENTRY--TOPICAL TERM
Topical term or geographic name as entry element Agricultural credit
Geographic subdivision Bangladesh.
9 (RLIN) 167572
700 0# - ADDED ENTRY--PERSONAL NAME
Personal name Nuruzzaman.
Personal name Alam, Md. Jahangir.
710 2# - ADDED ENTRY--CORPORATE NAME
Corporate name or jurisdiction name as entry element Bāṃlādeśa Pallī Unnaẏana Ekāḍemī.
9 (RLIN) 167534
942 ## - ADDED ENTRY ELEMENTS (KOHA)
Source of classification or shelving scheme Dewey Decimal Classification
Koha item type Books
Holdings
Lost status Source of classification or shelving scheme Damaged status Not for loan Collection code Permanent Location Current Location Shelving location Date acquired Source of acquisition Cost, normal purchase price Total Checkouts Full call number Date last seen Copy number Koha item type
  Dewey Decimal Classification     Non-fiction Central Library, University of Rajshahi Central Library, University of Rajshahi   28/10/2007 Comilla, Ban.poli. union ecademy 160.00   332.71095492 ROL 2000 28/11/2016 C-2 Books